Wersículos / (Record no. 182120)

MARC details
000 -LEADER
campo de control de longitud fija 00807nam a2200241 i 4500
001 - NÚMERO DE CONTROL
campo de control 182120
003 - IDENTIFICADOR DE NÚMERO DE CONTROL
campo de control ES-MaACL
005 - FECHA Y HORA DE LA ÚLTIMA TRANSACCIÓN
campo de control 20250627063701.0
008 - DATOS DE LONGITUD FIJA--INFORMACIÓN GENERAL
campo de control de longitud fija 130618s2013 sp |||| | spa d
020 ## - NÚMERO INTERNACIONAL ESTÁNDAR DEL LIBRO
Número Internacional Estándar del Libro 978-84-940581-3-4
080 ## - NÚMERO DE LA CLASIFICACIÓN DECIMAL UNIVERSAL
Número de la Clasificación Decimal Universal 821.134.2-14"20"
100 1# - ENTRADA PRINCIPAL--NOMBRE DE PERSONA
Nombre de persona Julio Santiago,
Fechas asociadas al nombre 1975-
9 (RLIN) 152903
245 10 - MENCIÓN DEL TÍTULO
Título Wersículos /
Mención de responsabilidad, etc. Julio Santiago ; ilustrado por Marisa Babiano ; [prólogo de Rafael César Montesinos].
250 ## - MENCION DE EDICION
Mención de edición [1ª ed.].
260 ## - PUBLICACIÓN, DISTRIBUCIÓN, ETC.
Lugar de publicación, distribución, etc. Madrid :
Nombre del editor, distribuidor, etc. Cuadernos del Laberinto,
Fecha de publicación, distribución, etc. 2013.
300 ## - DESCRIPCIÓN FÍSICA
Extensión X, 105 p. :
Otras características físicas il. ;
Dimensiones 18 cm.
490 1# - MENCIÓN DE SERIE
Mención de serie Colección Berbiquí ;
Designación de volumen o secuencia 4
700 1# - ENTRADA AGREGADA--NOMBRE PERSONAL
Nombre de persona Babiano, Marisa.
9 (RLIN) 152904
700 1# - ENTRADA AGREGADA--NOMBRE PERSONAL
Nombre de persona Montesinos, Rafael César.
9 (RLIN) 139132
830 0# - PUNTO DE ACCESO ADICIONAL DE SERIE-TÍTULO UNIFORME
Título uniforme Colección Berbiquí ;
Designación de volumen o secuencia 4
9 (RLIN) 191737
852 ## - LOCALIZACIÓN
Ubicación ES-MaACL
Número de control de estantería 2176-F-14
Holdings
Estatus retirado Estado de pérdida Estado de daño No para préstamo Colección Biblioteca de origen Biblioteca actual Ubicación en estantería Fecha de adquisición Fuente de adquisición Total de préstamos Signatura topográfica completa Código de barras Visto por última vez Precio de reemplazo Tipo de ítem Koha
        Colección de folletos Biblioteca del Ateneo de Madrid Biblioteca del Ateneo de Madrid Depósito folletos 18/06/2013     2176-F-14 1191389 23/02/2023 23/02/2023 Folleto